Представление документа в формате RUSMARC

ПолеНазваниеЗначение
  Тип записи i
  Библиографический уровень m
001 Контрольный номер IZD\1С\2007\4601546049131
005 Дата корректировки 20231212092630.1
010 Индекс ISBN __
a ISBN 978-5-9677-0879-4
d Цена 384-75
100 Данные общей обработки __
a Данные общей обработки 19150414d2008||||||| 0rusy0189 ca
101 Язык документа 0_
a Язык текста rus
102 Страна публикации __
a Страна публикации RU|
105 Кодированные данные (монография) __
a Кодированные данные (монография) nn|||||||n|zy
127 Кодированные данные (звукозаписи-физические характеристики) __
a Продолжительность проигрывания 03 ч 02 мин
200 Заглавие и сведения об ответственности 1_
a Заглавие Вальпургиева ночь, или Шаги командора
e Сведения, относящиеся к заглавию [аудиокнига с музыкальным сопровождением : 16+]
f Первые сведения об ответственности Венедикт Ерофеев ; [исполняет Вениамин Смехов ; продюсер Владимир Воробьев]
b Общее обозначение материала Звукозапись
210 Выходные данные 1_
a Место издания Москва
c Издательство СОЮЗ
d Дата издания 2008
215 Физическое описание __
a Объем 1 электрон. опт. диск (Audio CD)
c Иллюстрации/тип воспроизводства mp3, stereo
d Формат 12х14 см
225 Серия 2_
a Серия 1С: Аудиокниги
230 Специфическая характеристика материала: электронные ресурсы __
a Обозначение и объем ресурса Электронные звуковые данные
300 Общие примечания __
a Общие примечания Содержит нецензурную брань
300 Общие примечания __
a Общие примечания Издается в сокращении
323 Примечание о главных создателях, исполнителях, участниках __
a Примечание о главных создателях, исполнителях, участниках Смехов, В. (читает)
330 Аннотация __
a Аннотация Выход аудиокниги приурочен к семидесятилетию писателя. "Вальпургиева ночь, или Шаги командора" - это единственная завершенная пьеса Венедикта Ерофеева. Впервые была опубликована в журнале "Театр" в апреле 1989 г., позже поставлена на сцене Театра на Малой Бронной и имела немалый кассовый успех. Аудиоверсия пьесы в блестящем исполнении народного артиста России Вениамина Смехова порадует всех поклонников творчества писателя. Все происходит 30 апреля, потом ночью, потом в часы первомайского рассвета.
333 Примечание о целевом назначении __
a Примечание о целевом назначении 16+. Для детей старше 16 лет
337 Примечание о системных требованиях (электронные ресурсы) __
a Примечание о системных требованиях (электронные ресурсы) Системные требования: MS Windows ; Pentium 100 ; RAM 16 Mb; CD-ROM; SVGA 800x600; звуковая карта; аудиосистемы с поддержкой MP3
517 Другие варианты заглавия 1_
a Другие варианты заглавия Шаги командора
606 Тематические рубрики __
a Основная рубрика Художественная литература
606 Тематические рубрики __
a Основная рубрика Русская литература XX в. (произведения)
610 Ключевые слова 0_
a Ключевые слова драматургия
a Ключевые слова пьесы
a Ключевые слова современная драматургия
a Ключевые слова тема психиатрической больницы
a Ключевые слова тема психических больных
a Ключевые слова тема сумасшествия
a Ключевые слова тема юмора
686 Индексы других классификаций __
2 Код системы rubbks
a Классификационный индекс 84(2=411.2)6-6я04
700 Автор _1
a Фамилия Ерофеев
b Имя В. В.
f Даты 1938-1990
g Полное личное имя Венедикт Васильевич
4 Код отношения 070
702 Вторичная интеллектуальная ответственность _1
a Фамилия Воробьев
b Имя В.
4 Код отношения Продюсер
g Полное личное имя Владимир
4 Код отношения 570
801 Источник записи _0
a Страна RU
b Организация Муниципальное бюджетное учреждение культуры "Централизованная библиотечная система" г. Сургут (Центральная городская библиотека им. А. С. Пушкина)
c Дата составления 20150414
g Правила каталогизации КиК/Апакова
801 Источник записи _1
a Страна RU
b Организация Муниципальное бюджетное учреждение культуры "Централизованная библиотечная система" г. Сургут (Центральная городская библиотека им. А. С. Пушкина)
c Дата составления 20150414
g Правила каталогизации КиК/Апакова
852 Данные о местонахождении __
j Шифр хранения 84(2=411.2)6-6я04
i Авторский знак Е 78
901 Тип документа __
t Тип документа 0
903 Характеристики (МАРС) __
a Дата передачи 20150415
969 Тип издания __
a Тип издания аудиокнига; издание для слепых
990 Данные о заказе (DOS) __
j Количество экземпляров (DOS) 6
t N записи в КСУ для И/У (DOS) 201504